| 000 | 00470nam a2200133 a 4500 | ||
|---|---|---|---|
| 008 | 120416s1984 ||||||||||||||||| || u | ||
| 050 | _aT 57.6 Whi | ||
| 100 | _aWhitaker, David | ||
| 245 | 1 | 0 | _aOR on the micro |
| 260 |
_aNew York _bJohn Wiley and Sons _c[1984] |
||
| 300 | _aviii, 178p. : ill. | ||
| 350 | _a0.00 | ||
| 995 |
_D0.00 _FCBU-MAIN LIBRARY (Kitwe) _H1 _I0.00 _M1 _UAVAILABLE _ZMain Library Open Access Collection |
||
| 999 |
_c52757 _d52757 |
||